[Event "ESP-chT Div I 2018"]
[Site "Linares"]
[Date "2018.08.06"]
[Round "1"]
[White "Naiditsch, Arkadij"]
[Black "Andres Gonzalez, Ivan"]
[Result "1-0"]
[WhiteElo "2711"]
[BlackElo "2349"]
[Annotator "TA"]
[PlyCount "86"]
[EventDate "2018.08.06"]
[EventType "team-tourn"]
[EventCountry "ESP"]
[SourceTitle "playchess.com"]
[Source "ChessBase"]
[SourceQuality "1"]

{[%evp 17,86,0,0,0,34,41,36,39,59,71,108,83,112,98,106,97,112,109,110,73,93,90,119,107,114,114,114,114,111,122,118,122,122,119,126,122,192,196,197,171,196,188,315,307,308,317,307,313,300,285,295,273,272,220,219,131,266,247,259,267,326,306,290,282,486,475,549,570,556,543,483]} 1. e4 c5 2. Nf3 d6 3. Bb5+ Nd7 4. d4 cxd4 5. Qxd4 a6 6. Bxd7+ Bxd7 7. O-O Nf6 8. Bg5 Bc6 9. Nc3 e6 {LiveBook: 11 Games} 10. Nd5 {B53: Sicilian: 2...d6: Lines with Qxd4} (10. Rad1 Be7 11. e5 Bxf3 12. gxf3 dxe5 13. Qxe5 Qb8 14. f4 Qxe5 15. fxe5 Ng4 16. Bf4 g5 17. f3 Nh6 {1-0 (68) Biolek,R (2445)-Gazik,V (2497) Vienna 2018}) 10... Be7 11. Nxe7 Qxe7 12. e5 {White is slightly better.} dxe5 13. Nxe5 h6 14. Bxf6 $146 ({Predecessor:} 14. Bh4 Qd8 15. Nxc6 bxc6 16. Qc3 Rc8 17. Rad1 Qe7 18. Bg3 Rg8 19. Qd3 Qb7 20. c4 c5 21. Rfe1 g5 22. Bd6 Qc6 23. Qf5 {1-0 (23) Cukic,R (2355)-Lazic,D (2235) Kragujevac 1977}) 14... Qxf6 15. Nxc6 bxc6 16. Qc5 Rc8 17. Rfd1 Qg5 18. Qa3 Qb5 19. Qd6 Qb7 20. Rd3 Qe7 21. Rad1 Qxd6 22. Rxd6 $16 {[%mdl 4096] Endgame KRR-KRR} O-O 23. Kf1 Rb8 24. b3 (24. Rxc6 $6 Rxb2 25. Rxa6 Rc8 $11) 24... Rfc8 25. Ke2 a5 26. R1d4 Rb4 (26... Rb5 $16) 27. Rd8+ $1 $18 Rxd8 28. Rxd8+ {KR-KR} Kh7 29. Rc8 Rb6 (29... Rh4 $142 30. h3 (30. Rxc6 Rxh2 31. Kf3 Rh5 $14) 30... a4 31. Rxc6 axb3) 30. a4 Ra6 31. Kd3 e5 32. Kc4 f5 33. g3 g5 34. Re8 e4 35. Re6 Kg7 36. Kc5 (36. h4 $18) 36... h5 (36... Ra8 $16 {keeps fighting.}) 37. h4 $1 ({Don't blunder} 37. Rxc6 $2 Rxc6+ 38. Kxc6 f4 $19) 37... gxh4 38. gxh4 Ra8 {[#]} 39. Kd4 $1 ({Weaker is} 39. Rxc6 Re8 $16) 39... Rd8+ {[#]} 40. Ke3 $1 c5 $2 (40... Rd1 41. Re5 (41. Rxc6 Re1+ 42. Kd2 Rh1 $16) 41... Re1+ 42. Kf4 Rf1) 41. Re5 {White is clearly winning.} c4 42. bxc4 Kf6 43. Rxa5 Rc8 {Precision: White = 97%, Black = 56%.} 1-0

[Event "ESP-chT Div I 2018"]
[Site "Linares"]
[Date "2018.08.06"]
[Round "1"]
[White "Martinez Alcantara, Jose Eduardo"]
[Black "Mista, Aleksander"]
[Result "0-1"]
[WhiteElo "2561"]
[BlackElo "2604"]
[Annotator "TA"]
[PlyCount "172"]
[EventDate "2018.08.06"]
[EventType "team-tourn"]
[EventCountry "ESP"]
[SourceTitle "playchess.com"]
[Source "ChessBase"]
[SourceQuality "1"]

{[%evp 19,172,22,30,9,45,29,61,47,53,26,0,0,37,30,29,29,33,29,29,29,29,29,29,33,29,36,32,38,20,0,0,0,0,0,61,61,60,62,72,36,43,49,56,58,68,3,0,0,46,0,54,32,26,20,17,7,16,0,43,42,38,57,41,0,0,0,0,-14,-14,-14,-12,-56,-56,-52,-12,-14,-14,-14,-14,-14,-12,-12,-12,-12,-12,-12,-12,-12,-12,-12,-12,-12,-12,-12,-12,-12,-12,-12,-12,-12,-12,-16,-16,-16,-16,-53,-12,-53,-53,-53,-53,-53,-53,-53,-53,-53,-53,-53,-53,-53,-53,-53,-53,-53,-53,-53,-53,-53,-53,-53,-53,-53,-53,-53,-53,-53,-53,-46,-46,-39,-46,-48,-39,-40,-12,-55,-55,-48,0,-54,-48,-29985,-55,-29985,-48]} 1. e4 c5 2. Nf3 e6 3. d4 cxd4 4. Nxd4 Nf6 5. Nc3 d6 6. Be3 a6 7. f3 b5 8. Qd2 b4 {B80: Sicilian Scheveningen: 6 g3 and 6 Be3, including English Attack} 9. Nd1 (9. Na4 Nbd7 10. O-O-O Qa5 11. b3 Bb7 12. a3 Qc7 13. axb4 d5 14. Bf2 Bd6 15. exd5 Nxd5 16. Bg3 {1-0 (36) Nakamura,H (2781)-Grandelius,N (2647) Caleta 2018}) 9... e5 10. Nb3 Nc6 {LiveBook: 3 Games. The position is equal.} 11. Bc4 Be7 (11... Be6 {feels hotter.} 12. Bxe6 fxe6 13. c3 d5 14. O-O dxe4 15. fxe4 Qxd2 16. Nxd2 Rc8) 12. Bf2 a5 $146 ({Predecessor:} 12... O-O 13. O-O a5 14. Ne3 Qc7 15. Bd5 Bb7 16. Rfd1 {1-0 (45) Selin,S (2265)-Gomez Celdran,F (2242) ICCF email 2011}) 13. Bb5 Bd7 14. a4 bxa3 $1 15. Rxa3 Nb4 16. Bxd7+ Qxd7 17. c4 O-O 18. O-O Rfb8 19. Nc3 ({Much worse is} 19. Rxa5 Rxa5 20. Nxa5 Qa4 $17) 19... a4 20. Rfa1 {[%cal Ra3a4]} d5 21. Rxa4 Rxa4 22. Rxa4 {[%cal Re4d5]} dxc4 23. Qxd7 $1 Nxd7 24. Ra7 cxb3 25. Rxd7 Kf8 26. Kf1 Rc8 (26... Ke8 $11 27. Rd1 Rc8) 27. Rb7 $1 $14 Ke8 {aiming for ...Rxc3!} 28. Be1 h5 29. Ke2 g6 30. Bd2 f5 31. Rb5 Nc6 {...Nd4+ is the strong threat.} 32. Kd3 (32. Rb6 $14) 32... Nb4+ $1 $11 33. Ke2 Nc6 34. Rb7 Nb4 35. g3 Rc4 36. h4 Nc6 37. Be3 {Threatens to win with Kd3.} Nb4 {White must now prevent ...Rxc3!} 38. Kd2 f4 39. gxf4 exf4 40. Bxf4 Bxh4 41. Be5 Be7 42. f4 h4 43. f5 (43. Ke2 {is more complex.} Nc6 44. Kf3 Rb4 45. Rc7 Rc4 46. Rb7) 43... gxf5 44. exf5 Rc5 45. Rxb4 {Hoping for Rb8+.} (45. Rb8+ {is interesting.} Kf7 46. f6 Nc6 47. Rxb3 Rxe5 48. fxe7 Nxe7 49. Ne2) 45... Rxe5 46. Rxb3 Rxf5 {[%mdl 4096] Endgame KRB-KRN} 47. Ne2 Kf7 48. Rh3 Kg6 49. Nd4 Rf2+ 50. Kd3 Rxb2 51. Rh1 Kh5 (51... Rg2 {feels hotter.} 52. Nf3 Kh5 53. Ke4 Rg4+ 54. Kd5 Bf6) 52. Nf5 Bg5 {[#]} (52... Rb7 {seems wilder.} 53. Ke4 Bf6 54. Nxh4 Bxh4 55. Kf3 Ra7) 53. Nxh4 $1 {[%mdl 512]} Bxh4 {KRB-KR} 54. Kc3 Rb8 55. Kc4 Kg5 56. Kd5 $1 Bg3 57. Rg1 Kf4 58. Rf1+ Ke3 59. Rf7 Rd8+ 60. Ke6 Ke4 61. Rd7 Ra8 62. Re7 Be5 63. Kf7 Kf5 64. Re8 Ra1 65. Re7 Bd6 66. Rd7 Ra6 67. Rb7 Rc6 68. Rd7 Ke5 69. Ke8 Rc8+ 70. Rd8 Rc1 71. Rd7 Rh1 72. Rb7 Ke6 {[%cal Rh1h8]} 73. Re7+ $1 Kd5 74. Rg7 Rf1 75. Kd7 Be5 (75... Ra1 {looks sharper.} 76. Rf7 Ra4 77. Rf5+ Be5 78. Rf7 Ra8) 76. Re7 Rf6 77. Ke8 Kd6 78. Ra7 Rf2 79. Ra6+ Kd5 80. Ra7 Rb2 81. Kf7 Rh2 {( -> ...Rh7+)} 82. Rd7+ Ke4 83. Re7 Kd5 84. Rd7+ Bd6 {And now ...Rh7+ would win.} 85. Ke8 $2 {[%mdl 8192] [#]} (85. Kg8 $15) 85... Rh8+ $1 ({Less strong is} 85... Ke6 86. Re7+ Kd5 87. Rg7 $15) 86. Kf7 Ke5 $2 {Precision: White = 65%, Black = 71%.} (86... Kc6 {mates} 87. Rb7 Kxb7 88. Kf6 Kc6 89. Kf5 Rh3 90. Ke4 Kc5 91. Kf5 Kd5 92. Kg4 Rd3 93. Kf5 Be5 94. Kg4 Ke4 95. Kg5 Rg3+ 96. Kh6 Kf5 97. Kh7 Rg4 98. Kh6 Rh4#) 0-1

[Event "ESP-chT Div I 2018"]
[Site "Linares"]
[Date "2018.08.06"]
[Round "1"]
[White "Dvirnyy, Danyyil"]
[Black "Alsina Leal, Daniel"]
[Result "0-1"]
[WhiteElo "2496"]
[BlackElo "2480"]
[Annotator "ChessBase"]
[PlyCount "133"]
[EventDate "2018.08.06"]
[EventType "team-tourn"]
[EventCountry "ESP"]
[SourceTitle "playchess.com"]
[Source "ChessBase"]
[SourceQuality "1"]
[TimeControl "40/5400+30:1800+30"]

1. Nf3 {[%emt 0:00:00]} c5 {[%emt 0:00:00]} 2. c4 {[%emt 0:00:00]} Nf6 {[%emt 0:00:00]} 3. Nc3 {[%emt 0:00:57]} d5 {[%emt 0:00:23]} 4. cxd5 {[%emt 0:02:38]} Nxd5 {[%emt 0:00:07]} 5. g3 {[%emt 0:00:51]} Nc6 {[%emt 0:00:11]} 6. Bg2 {[%emt 0:00:40]} Nc7 {[%emt 0:00:07]} 7. O-O {[%emt 0:01:10]} e5 {[%emt 0:00:28]} 8. a3 {[%emt 0:01:47]} Be7 {[%emt 0:02:55]} 9. b4 O-O {[%emt 0:00:59]} 10. b5 {[%emt 0:10:37]} Nd4 {[%emt 0:01:42]} 11. e3 {[%emt 0:03:10]} Nxf3+ {[%emt 0:03:21]} 12. Qxf3 {[%emt 0:01:51]} Rb8 {[%emt 0:03:11]} 13. Rd1 {[%emt 0:15:25]} Be6 {[%emt 0:05:24]} 14. d4 {[%emt 0:19:47]} Qc8 {[%emt 0:14:49]} 15. Qe4 {[%emt 0:00:28]} exd4 {[%emt 0:04:25]} 16. exd4 {[%emt 0:00:16]} cxd4 {[%emt 0:00:13]} 17. Ne2 {[%emt 0:03:57]} Nxb5 {[%emt 0:03:00]} 18. Bf4 {[%emt 0:02:13]} Bd6 {[%emt 0:10:59]} 19. Bxd6 {[%emt 0:02:24]} Nxd6 {[%emt 0:00:05]} 20. Qxd4 {[%emt 0:00:11]} Nb5 {[%emt 0:04:12]} 21. Qb2 {[%emt 0:00:53]} Qe8 {[%emt 0:10:12]} 22. Nf4 {[%emt 0:02:36]} Nc7 {[%emt 0:08:58]} 23. Qb4 {[%emt 0:07:04]} b6 {[%emt 0:03:43]} 24. Qd6 {[%emt 0:05:15]} Na6 {[%emt 0:02:00]} 25. Nxe6 {[%emt 0:01:18]} fxe6 {[%emt 0:02:08]} 26. Re1 {[%emt 0:07:33]} Nc5 {[%emt 0:00:15]} 27. Bh3 {[%emt 0:00:20]} Rd8 {[%emt 0:02:47]} 28. Qe5 {[%emt 0:00:58]} Kh8 {[%emt 0:00:43]} 29. Qe3 {[%emt 0:03:51]} Rd3 {[%emt 0:02:20]} 30. Qe2 {[%emt 0:00:04]} Rdf3 {[%emt 0:00:55]} 31. Rf1 {[%emt 0:00:07]} Qa4 {[%emt 0:04:19]} 32. Bxe6 {[%emt 0:00:15]} Rxa3 {[%emt 0:00:46]} 33. Rxa3 {[%emt 0:00:08]} Qxa3 {[%emt 0:00:04]} 34. Bc4 {[%emt 0:00:24]} Qa4 {[%emt 0:02:55]} 35. Re1 {[%emt 0:00:37]} Qd7 {[%emt 0:01:02]} 36. Rd1 {[%emt 0:01:40]} Qe8 {[%emt 0:02:43]} 37. Qb2 {[%emt 0:00:39]} Qe7 {[%emt 0:00:48]} 38. Qd4 {[%emt 0:01:55]} Qf6 {[%emt 0:01:43]} 39. Qe3 {[%emt 0:01:00]} h6 {[%emt 0:00:15]} 40. h4 {[%emt 0:00:47]} Qf5 {[%emt 0:02:51]} 41. Rd6 {[%emt 0:31:13]} Kh7 {[%emt 0:31:50]} 42. Bd5 {[%emt 0:00:06]} Qg4 {[%emt 0:00:37]} 43. Kg2 {[%emt 0:00:32]} Qf5 {[%emt 0:00:20]} 44. Kg1 {[%emt 0:00:53]} a5 {[%emt 0:00:38]} 45. Qd4 {[%emt 0:00:58]} Qb1+ {[%emt 0:00:30]} 46. Kg2 {[%emt 0:00:15]} a4 {[%emt 0:00:29]} 47. Rc6 {[%emt 0:00:53]} a3 {[%emt 0:00:36]} 48. Rc7 {[%emt 0:00:22]} Qg6 {[%emt 0:00:13]} 49. Ra7 {[%emt 0:02:20]} Kh8 {[%emt 0:00:46]} 50. h5 {[%emt 0:00:45]} Qf6 {[%emt 0:00:31]} 51. Qxf6 {[%emt 0:00:43]} gxf6 {[%emt 0:00:07]} 52. Rxa3 {[%emt 0:00:30]} Rd8 {[%emt 0:00:27]} 53. Bf7 {[%emt 0:00:26]} Kg7 {[%emt 0:00:48]} 54. Bg6 {[%emt 0:00:06]} b5 {[%emt 0:00:33]} 55. Rc3 {[%emt 0:00:20]} Rd5 {[%emt 0:00:27]} 56. Ra3 {[%emt 0:00:33]} Rd7 {[%emt 0:00:38]} 57. Bf5 {[%emt 0:00:44]} Rb7 {[%emt 0:00:22]} 58. Rc3 {[%emt 0:00:14]} Na4 {[%emt 0:00:24]} 59. Rd3 {[%emt 0:00:04]} b4 {[%emt 0:00:42]} 60. Rd4 {[%emt 0:00:04]} Nc3 {[%emt 0:00:19]} 61. Rg4+ {[%emt 0:00:05]} Kf7 {[%emt 0:00:26]} 62. Bd3 {[%emt 0:00:27]} Ke6 {[%emt 0:00:40]} 63. Bc4+ {[%emt 0:02:34]} Ke5 {[%emt 0:00:36]} 64. Bb3 {[%emt 0:00:02]} Ne4 {[%emt 0:00:20]} 65. Rg6 {[%emt 0:00:53]} Nd2 {[%emt 0:00:26]} 66. Bd1 {[%emt 0:00:27]} b3 {[%emt 0:00:32]} 67. f4+ 0-1

[Event "ESP-chT Div I 2018"]
[Site "Linares"]
[Date "2018.08.06"]
[Round "1"]
[White "Gascon del Nogal, Jose Rafael"]
[Black "Quesada Perez, Yasser"]
[Result "1-0"]
[WhiteElo "2476"]
[BlackElo "2534"]
[Annotator "ChessBase"]
[PlyCount "103"]
[EventDate "2018.08.06"]
[EventType "team-tourn"]
[EventCountry "ESP"]
[SourceTitle "playchess.com"]
[Source "ChessBase"]
[SourceQuality "1"]
[TimeControl "40/5400+30:1800+30"]

1. e4 {[%emt 0:00:00]} c5 {[%emt 0:03:50]} 2. Nf3 {[%emt 0:00:19]} e6 {[%emt 0:00:11]} 3. d3 {[%emt 0:00:07]} d5 {[%emt 0:00:36]} 4. Qe2 {[%emt 0:00:08]} Nf6 {[%emt 0:02:20]} 5. g3 {[%emt 0:00:08]} Be7 {[%emt 0:00:28]} 6. Bg2 {[%emt 0:00:05]} O-O {[%emt 0:00:11]} 7. O-O {[%emt 0:00:06]} b5 {[%emt 0:03:14]} 8. Bg5 {[%emt 0:20:48]} Nc6 {[%emt 0:04:30]} 9. e5 {[%emt 0:02:03]} Nd7 {[%emt 0:00:20]} 10. h4 {[%emt 0:03:01]} a5 {[%emt 0:06:31]} 11. Re1 {[%emt 0:14:44]} b4 {[%emt 0:02:08]} 12. c4 {[%emt 0:06:46]} bxc3 {[%emt 0:00:11]} 13. bxc3 {[%emt 0:00:08]} Ba6 {[%emt 0:01:30]} 14. a4 {[%emt 0:14:18]} Rb8 {[%emt 0:09:04]} 15. Na3 {[%emt 0:00:21]} h6 {[%emt 0:03:51]} 16. Bxe7 {[%emt 0:00:06]} Qxe7 {[%emt 0:00:37]} 17. c4 {[%emt 0:05:42]} Nb4 {[%emt 0:03:33]} 18. Nb5 {[%emt 0:00:35]} Nb6 {[%emt 0:01:53]} 19. g4 {[%emt 0:04:47]} Bb7 {[%emt 0:12:20]} 20. Nd6 {[%emt 0:02:46]} dxc4 {[%emt 0:03:45]} 21. dxc4 {[%emt 0:00:04]} Bxf3 {[%emt 0:00:12]} 22. Bxf3 {[%emt 0:00:38]} Qxh4 {[%emt 0:00:07]} 23. Nb7 {[%emt 0:08:24]} h5 {[%emt 0:04:49]} 24. Ra3 {[%emt 0:04:51]} hxg4 {[%emt 0:17:05]} 25. Bg2 {[%emt 0:00:14]} g6 {[%emt 0:10:56]} 26. Rg3 {[%emt 0:04:38]} Nxa4 {[%emt 0:00:21]} 27. Rxg4 {[%emt 0:00:08]} Qh5 {[%emt 0:01:32]} 28. Bf3 {[%emt 0:00:23]} Nc3 {[%emt 0:01:17]} 29. Qd2 {[%emt 0:00:44]} Nba2 {[%emt 0:05:43]} 30. Rg3 {[%emt 0:02:40]} Qh8 {[%emt 0:00:39]} 31. Kg2 {[%emt 0:01:54]} a4 {[%emt 0:00:51]} 32. Qf4 {[%emt 0:02:48]} Qg7 {[%emt 0:00:32]} 33. Qf6 {[%emt 0:00:38]} Nb4 34. Nxc5 {[%emt 0:01:02]} Rbc8 {[%emt 0:01:16]} 35. Rh1 {[%emt 0:00:30]} Rxc5 {[%emt 0:00:34]} 36. Rgh3 {[%emt 0:00:02]} Qxf6 {[%emt 0:00:07]} 37. exf6 {[%emt 0:00:03]} Rg5+ {[%emt 0:00:28]} 38. Kf1 {[%emt 0:00:04]} Rh5 {[%emt 0:00:04]} 39. Bxh5 {[%emt 0:00:34]} Ne4 {[%emt 0:00:04]} 40. Bxg6 {[%emt 0:00:18]} Nxf6 {[%emt 0:00:07]} 41. Bc2 {[%emt 0:32:13]} Rc8 {[%emt 0:32:06]} 42. Rg3+ {[%emt 0:00:25]} Kf8 {[%emt 0:00:03]} 43. Rh8+ {[%emt 0:00:03]} Ke7 {[%emt 0:00:03]} 44. Rxc8 {[%emt 0:00:03]} Nxc2 {[%emt 0:00:04]} 45. Rc3 {[%emt 0:00:36]} Nd4 {[%emt 0:00:38]} 46. Ra3 {[%emt 0:00:33]} Ne4 {[%emt 0:00:11]} 47. Rxa4 {[%emt 0:00:25]} f5 {[%emt 0:00:16]} 48. c5 {[%emt 0:00:26]} Kd7 {[%emt 0:00:15]} 49. Rxd4+ {[%emt 0:01:28]} Kxc8 {[%emt 0:00:01]} 50. Rxe4 {[%emt 0:00:08]} fxe4 {[%emt 0:00:05]} 51. Ke2 {[%emt 0:00:01]} Kd7 {[%emt 0:00:36]} 52. Ke3 {[%emt 0:00:03]} 1-0

[Event "ESP-chT Div I 2018"]
[Site "Linares"]
[Date "2018.08.06"]
[Round "1"]
[White "Espinosa Aranda, Angel"]
[Black "Tejedor Fuente, Enrique"]
[Result "1/2-1/2"]
[WhiteElo "2451"]
[BlackElo "2408"]
[Annotator "TA"]
[PlyCount "62"]
[EventDate "2018.08.06"]
[EventType "team-tourn"]
[EventCountry "ESP"]
[SourceTitle "playchess.com"]
[Source "ChessBase"]
[SourceQuality "1"]

{[%evp 18,62,14,7,5,0,17,12,93,94,102,93,104,103,105,111,129,122,126,108,108,91,125,105,97,66,66,0,0,0,0,-96,-46,-49,0,0,0,0,0,0,0,0,0,0,0,0,0]} 1. c4 e6 2. Nc3 c5 3. Nf3 Nf6 4. e3 d5 5. cxd5 exd5 6. Bb5+ Nc6 7. d4 cxd4 8. Nxd4 Bd7 9. O-O Bd6 {D32: Tarrasch Defence: Sidelines and lines without g3} 10. Be2 {LiveBook: 8 Games} (10. b3 O-O 11. Bb2 Re8 12. Nf3 Bg4 13. Bxc6 bxc6 14. Rc1 Be5 15. Na4 Bxb2 16. Nxb2 Rc8 17. h3 Bxf3 18. Qxf3 {½-½ (61) So,W (2778)-Anand,V (2759) Leuven 2018}) 10... Nxd4 11. Qxd4 Bc6 12. b4 {[%cal Bb2b4,Bb4b5][%mdl 32]} Qe7 $146 (12... Qb6 $11) ({Predecessor:} 12... a6 13. b5 axb5 14. Nxb5 Be7 15. Bb2 O-O 16. Rfd1 Qd7 17. a4 {1-0 (41) Kacheishvili,G (2589)-Bryant,J (2439) Philadelphia 2016}) 13. b5 $16 Bd7 14. Nxd5 Nxd5 15. Qxd5 {[#] And now Rd1 would win.} Be6 16. Qe4 f5 {[%cal Bf7f5,Bf5f4,Bf4e3,Be3e2][%mdl 32]} 17. Qa4 O-O 18. Bb2 f4 19. Qe4 Rae8 20. Bd3 Bf5 21. Qxe7 Rxe7 22. Rad1 (22. Bc4+ $1 $14 Be6 23. Bxe6+ Rxe6 24. Rad1) 22... Bxd3 $1 $11 23. Rxd3 fxe3 $1 24. f3 ({Wrong is} 24. Rxd6 $2 exf2+ 25. Kh1 Re1 $19) (24. g3 $11 {remains equal.} e2 25. Re1) 24... e2 {[#] Threatens to win with ...Bxh2+!} 25. Re1 $1 Bb4 26. Bc3 $36 {[%mdl 2048] The position is equal. White fights for an advantage.} Bc5+ 27. Bd4 Bb4 28. Bc3 Bc5+ 29. Bd4 Bb4 30. Bc3 Bc5+ 31. Bd4 Bb4 {Precision: White = 75%, Black = 51%.} 1/2-1/2

[Event "ESP-chT Div I 2018"]
[Site "Linares"]
[Date "2018.08.06"]
[Round "1"]
[White "Rubio Mejia, Luis Ignacio"]
[Black "Rodriguez Fontecha, Marcos"]
[Result "1-0"]
[WhiteElo "2442"]
[BlackElo "2329"]
[Annotator "NA"]
[PlyCount "63"]
[EventDate "2018.08.06"]
[EventType "team-tourn"]
[EventCountry "ESP"]
[SourceTitle "playchess.com"]
[Source "ChessBase"]
[SourceQuality "1"]
[TimeControl "40/5400+30:1800+30"]

1. d4 {[%emt 0:00:00]} d5 {[%emt 0:00:00]} 2. c4 {[%emt 0:00:01]} Nc6 {[%emt 0:00:00]} 3. Nf3 {[%emt 0:03:01]} e5 {[%emt 0:04:11]} 4. Nxe5 {[%emt 0:02:18]} Nxe5 {[%emt 0:00:16]} 5. dxe5 {[%emt 0:00:07]} d4 {[%emt 0:00:04]} 6. g3 {[%emt 0:02:37]} c6 {[%emt 0:00:10]} 7. Bg2 {[%emt 0:02:19]} Qa5+ {[%emt 0:03:39]} 8. Nd2 {[%emt 0:03:15]} Bg4 {[%emt 0:07:13]} 9. O-O {[%emt 0:13:52]} O-O-O {[%emt 0:06:06]} 10. Nf3 {[%emt 0:08:25]} Ne7 {[%emt 0:09:11]} 11. Ng5 {[%emt 0:29:34]} d3 {[%emt 0:26:00]} 12. Bf3 {[%emt 0:03:59]} Bxf3 {[%emt 0:08:50]} 13. exf3 {[%emt 0:08:09]} d2 {[%emt 0:06:34]} 14. Nxf7 {[%emt 0:02:19]} dxc1=Q {[%emt 0:02:19]} 15. Qxc1 {[%emt 0:00:32]} Ng6 {[%emt 0:04:09]} 16. Nxd8 {[%emt 0:03:44]} Qxd8 {[%emt 0:03:00]} 17. Qe3 {[%emt 0:05:40]} Qa5 {[%emt 0:02:57]} 18. f4 {[%emt 0:00:45]} Bc5 {[%emt 0:00:13]} 19. Qe2 {[%emt 0:01:25]} Rd8 {[%emt 0:04:31]} 20. Rad1 {[%emt 0:02:00]} Bd4 {[%emt 0:02:18]} 21. a3 {[%emt 0:02:49]} c5 {[%emt 0:01:08]} 22. Kg2 {[%emt 0:01:58]} Qa6 {[%emt 0:01:02]} 23. Rd2 {[%emt 0:00:58]} Rf8 {[%emt 0:00:26]} 24. Kg1 {[%emt 0:00:58]} Qe6 {[%emt 0:02:49]} 25. b4 {[%emt 0:00:47]} Bc3 {[%emt 0:04:30]} 26. Rd6 {[%emt 0:00:21]} Qh3 {[%emt 0:00:47]} 27. bxc5 {[%emt 0:00:45]} Ne7 {[%emt 0:00:33]} 28. Qd3 {[%emt 0:00:37]} Ba5 {[%emt 0:00:09]} 29. Rd1 {[%emt 0:00:32]} g5 {[%emt 0:00:30]} 30. Rd7 {[%emt 0:00:33]} Ng6 {[%emt 0:00:27]} 31. c6 {[%emt 0:00:22]} b5 {[%emt 0:00:51]} 32. Rxa7 {[%emt 0:00:32]} 1-0

[Event "ESP-chT Div I 2018"]
[Site "Linares"]
[Date "2018.08.06"]
[Round "1"]
[White "Franco Alonso, Alejandro"]
[Black "Vergara Anton, Diego"]
[Result "1/2-1/2"]
[WhiteElo "2410"]
[BlackElo "2022"]
[Annotator "NA"]
[PlyCount "86"]
[EventDate "2018.08.06"]
[EventType "team-tourn"]
[EventCountry "ESP"]
[SourceTitle "playchess.com"]
[Source "ChessBase"]
[SourceQuality "1"]
[TimeControl "40/5400+30:1800+30"]

1. c4 {[%emt 0:00:00]} c5 {[%emt 0:00:00]} 2. Nf3 {[%emt 0:00:00]} Nc6 {[%emt 0:00:11]} 3. Nc3 {[%emt 0:00:01]} g6 {[%emt 0:00:19]} 4. e3 {[%emt 0:00:10]} Bg7 {[%emt 0:01:22]} 5. d4 {[%emt 0:00:13]} cxd4 {[%emt 0:01:47]} 6. exd4 {[%emt 0:00:08]} d6 {[%emt 0:02:06]} 7. d5 {[%emt 0:06:39]} Nb8 {[%emt 0:12:45]} 8. h3 {[%emt 0:10:47]} Nf6 {[%emt 0:01:39]} 9. Bd3 {[%emt 0:00:35]} Nbd7 {[%emt 0:00:31]} 10. O-O {[%emt 0:00:36]} O-O {[%emt 0:03:46]} 11. Re1 {[%emt 0:04:15]} Nc5 {[%emt 0:02:59]} 12. Bc2 {[%emt 0:07:38]} e5 {[%emt 0:17:06]} 13. b4 {[%emt 0:05:58]} Ncd7 {[%emt 0:04:37]} 14. Ba3 {[%emt 0:05:37]} e4 {[%emt 0:06:53]} 15. Bxe4 {[%emt 0:06:43]} Nxe4 {[%emt 0:00:43]} 16. Nxe4 {[%emt 0:00:05]} Nb6 {[%emt 0:02:03]} 17. Rc1 {[%emt 0:05:19]} Bf5 {[%emt 0:03:36]} 18. Ng3 {[%emt 0:06:43]} Bd7 {[%emt 0:05:42]} 19. Qd2 {[%emt 0:04:44]} Re8 {[%emt 0:02:02]} 20. Rxe8+ {[%emt 0:05:31]} Bxe8 {[%emt 0:00:28]} 21. Bb2 {[%emt 0:02:55]} Rc8 {[%emt 0:02:29]} 22. Bxg7 {[%emt 0:00:42]} Kxg7 {[%emt 0:00:09]} 23. Ne4 {[%emt 0:01:17]} Rxc4 {[%emt 0:09:13]} 24. Rxc4 {[%emt 0:00:32]} Nxc4 {[%emt 0:00:12]} 25. Qd4+ {[%emt 0:01:59]} Ne5 {[%emt 0:00:17]} 26. Nxe5 {[%emt 0:01:50]} dxe5 {[%emt 0:01:59]} 27. Qxe5+ {[%emt 0:00:08]} f6 {[%emt 0:00:13]} 28. Qd4 {[%emt 0:10:24]} b6 {[%emt 0:07:47]} 29. a3 {[%emt 0:03:57]} Kf7 {[%emt 0:03:53]} 30. g4 {[%emt 0:05:03]} f5 {[%emt 0:02:48]} 31. gxf5 {[%emt 0:00:59]} gxf5 {[%emt 0:00:13]} 32. Ng3 {[%emt 0:00:09]} Qf6 {[%emt 0:02:02]} 33. Qf4 {[%emt 0:00:28]} Bd7 {[%emt 0:01:05]} 34. Kh2 {[%emt 0:02:06]} a5 {[%emt 0:01:26]} 35. d6 {[%emt 0:02:38]} axb4 {[%emt 0:00:50]} 36. axb4 {[%emt 0:00:05]} b5 {[%emt 0:00:42]} 37. Nf1 {[%emt 0:00:14]} Ke6 {[%emt 0:00:30]} 38. Ne3 {[%emt 0:00:32]} Qe5 {[%emt 0:00:32]} 39. Kg3 {[%emt 0:00:05]} Kxd6 {[%emt 0:00:56]} 40. h4 {[%emt 0:00:37]} Ke6 {[%emt 0:00:29]} 41. Nc2 {[%emt 0:31:27]} Qc3+ {[%emt 0:30:56]} 42. Ne3 {[%emt 0:00:25]} Qe5 {[%emt 0:00:04]} 43. Nc2 {[%emt 0:00:33]} Qc3+ {[%emt 0:00:02]} 1/2-1/2